[Event "Münsterland Open"]
[Site "Senden"]
[Date "2007.10.01"]
[Round "4.8"]
[White "Klein, Björn"]
[Black "Freitag, Julia"]
[Result "1/2-1/2"]
[WhiteElo "2116"]
[BlackElo "2191"]
[PlyCount "33"]
[EventDate "2007.??.??"]

1. g3 d5 2. Bg2 e6 3. d3 f5 4. Nf3 Nf6 5. Bf4 Bd6 6. Bxd6 Qxd6 7. O-O O-O 8. c4
c6 9. Nc3 Nbd7 10. cxd5 exd5 11. e4 d4 12. Qb3+ Kh8 13. Ne2 Nc5 14. Qc4 fxe4
15. dxe4 Ncxe4 16. Qxd4 Qxd4 17. Nfxd4 1/2-1/2

[Event "Münsterland Open"]
[Site "Senden"]
[Date "2007.10.01"]
[Round "4.9"]
[White "Starp, Klaus"]
[Black "Langers, Alexander"]
[Result "1/2-1/2"]
[WhiteElo "2017"]
[BlackElo "2160"]
[PlyCount "105"]
[EventDate "2007.??.??"]

1. e4 c5 2. Nf3 e6 3. b3 Nc6 4. Bb2 d6 5. d4 cxd4 6. Nxd4 e5 7. Nxc6 bxc6 8.
Bd3 Nf6 9. c4 Be7 10. Nc3 Be6 11. O-O O-O 12. Qe2 Qc7 13. Nd1 a5 14. a3 Qb6 15.
Bc2 Bg4 16. Qe3 Rfb8 17. Qxb6 Rxb6 18. Ne3 c5 19. Bc3 Bd7 20. f3 g6 21. b4 axb4
22. axb4 Rxa1 23. Rxa1 cxb4 24. Rb1 Be6 25. Rxb4 Rc6 26. Ba4 Rc8 27. Rb7 Bd8
28. Bb5 Nh5 29. g3 Bg5 30. Nd5 Bxd5 31. exd5 Nf6 32. f4 exf4 33. gxf4 Bh4 34.
Bb4 Ne4 35. Rd7 Bf2+ 36. Kg2 Bc5 37. Bxc5 Rxc5 38. Kf3 Nd2+ 39. Ke3 Nxc4+ 40.
Bxc4 Rxc4 41. Rxd6 Rc2 42. f5 gxf5 43. Kf4 Rxh2 44. Rd8+ Kg7 45. Kxf5 Rd2 46.
Ke5 h5 47. Rb8 h4 48. Rb4 h3 49. Rh4 h2 50. d6 Kg6 51. d7 Kg7 52. Rxh2 Rxd7 53.
Rg2+ 1/2-1/2

[Event "Münsterland Open"]
[Site "Senden"]
[Date "2007.10.01"]
[Round "4.10"]
[White "Felczer, Kevin"]
[Black "Müller, Martin"]
[Result "1-0"]
[WhiteElo "2242"]
[BlackElo "2102"]
[PlyCount "91"]
[EventDate "2007.??.??"]

1. b3 e5 2. Bb2 Nc6 3. e3 Nf6 4. c4 d5 5. cxd5 Nxd5 6. a3 Bd6 7. d3 O-O 8. Nf3
Bg4 9. Nbd2 Qf6 10. b4 Rae8 11. Be2 Qh6 12. b5 Nd8 13. Qb3 Be6 14. Qc2 f6 15.
d4 Kh8 16. dxe5 fxe5 17. Qe4 Nf6 18. Qh4 Qxh4 19. Nxh4 Bd5 20. Nhf3 e4 21. Nd4
Ne6 22. O-O Nc5 23. Nf5 Be5 24. Bxe5 Rxe5 25. Nd4 Ne6 26. N2b3 Nxd4 27. Nxd4
Ne8 28. Rac1 Rf7 29. Rc5 Rfe7 30. Rfc1 g6 31. Bc4 Bxc4 32. Rxe5 Rxe5 33. Rxc4
a6 34. bxa6 bxa6 35. h4 Ra5 36. Nc2 Re5 37. Nb4 a5 38. Nc6 Re6 39. Nxa5 Ra6 40.
Rc5 Nd6 41. Nc4 Ra4 42. Nxd6 cxd6 43. Rd5 Ra6 44. Rd4 Kg7 45. Rxe4 Rxa3 46.
Re7+ 1-0

[Event "Münsterland Open"]
[Site "Senden"]
[Date "2007.10.02"]
[Round "5.1"]
[White "Korneev, Oleg"]
[Black "Böhle, Lars"]
[Result "1-0"]
[WhiteElo "2565"]
[BlackElo "2266"]
[PlyCount "55"]
[EventDate "2007.??.??"]

1. e4 e6 2. d4 d5 3. Nd2 c5 4. Ngf3 Nc6 5. exd5 exd5 6. Bb5 Bd6 7. dxc5 Bxc5 8.
O-O Nge7 9. Nb3 Bd6 10. Bg5 O-O 11. Re1 f6 12. Bh4 Bg4 13. Bg3 Bxg3 14. hxg3
Qd6 15. Qd2 Rad8 16. c3 Kh8 17. Rad1 a6 18. Be2 Nf5 19. Nh4 Bxe2 20. Nxf5 Qd7
21. Qxe2 Qxf5 22. Nc5 d4 23. Ne6 d3 24. Qf3 Qxf3 25. gxf3 Ne5 26. Kg2 g5 27.
Nxf8 Rxf8 28. Re4 1-0

[Event "Münsterland Open"]
[Site "Senden"]
[Date "2007.10.02"]
[Round "5.2"]
[White "Schulze, Ulrich"]
[Black "van der Weide, Karel"]
[Result "1-0"]
[WhiteElo "2309"]
[BlackElo "2512"]
[PlyCount "88"]
[EventDate "2007.??.??"]

1. d4 Nf6 2. Nf3 c5 3. c4 cxd4 4. Nxd4 e5 5. Nc2 d5 6. cxd5 Qxd5 7. Qxd5 Nxd5
8. e4 Nb4 9. Nxb4 Bxb4+ 10. Bd2 Nc6 11. Bb5 Bd7 12. O-O Bxd2 13. Nxd2 Nd4 14.
Bxd7+ Kxd7 15. Rfd1 Ke6 16. Kf1 Rhd8 17. Rac1 Rac8 18. Nc4 Rc5 19. Ne3 Rdc8 20.
Rxc5 Rxc5 21. Ke1 g6 22. Kd2 Ra5 23. a3 Rc5 24. Kd3 a5 25. f4 Rb5 26. fxe5 Nc6
27. b4 axb4 28. Nd5 Ra5 29. axb4 Ra2 30. Rd2 Rxd2+ 31. Kxd2 Kxe5 32. Kc3 f5 33.
b5 Nd4 34. Kc4 fxe4 35. Ne3 Nf5 36. Ng4+ Ke6 37. Nf2 e3 38. Nd3 Kd6 39. Nf4 Nh4
40. g3 Nf3 41. h4 Ke5 42. Kd3 Nxh4 43. Kxe3 Nf5+ 44. Kf2 Nd6 1-0

[Event "Münsterland Open"]
[Site "Senden"]
[Date "2007.10.02"]
[Round "5.4"]
[White "Thesing, Matthias"]
[Black "Wewers, Reinhard"]
[Result "1-0"]
[WhiteElo "2393"]
[BlackElo "2095"]
[PlyCount "93"]
[EventDate "2007.??.??"]

1. e4 c5 2. Nc3 e6 3. Nf3 a6 4. g3 b5 5. Bg2 Bb7 6. d3 d6 7. O-O Nf6 8. Ng5 Be7
9. e5 Bxg2 10. exf6 Bxf6 11. Nxf7 Kxf7 12. Kxg2 d5 13. Ne2 Nc6 14. c3 Re8 15.
d4 cxd4 16. Nxd4 Nxd4 17. cxd4 Rc8 18. Be3 Rc4 19. b3 Rc6 20. Rc1 Qd7 21. Rxc6
Qxc6 22. Qh5+ Kg8 23. Rc1 Qa8 24. Rc7 Re7 25. Rc5 e5 26. Bg5 Qe8 27. Qxe8+ Rxe8
28. Bxf6 gxf6 29. Rxd5 exd4 30. Kf3 Re6 31. Rxd4 Kg7 32. Rd7+ Kg6 33. Rd4 Kg7
34. g4 Rc6 35. Ke3 Kg6 36. h4 h5 37. f3 Rc2 38. Rd2 Rc6 39. Kf4 Re6 40. Rd5
hxg4 41. fxg4 Re2 42. a4 bxa4 43. bxa4 Rb2 44. h5+ Kf7 45. Rd6 a5 46. Ra6 Rb4+
47. Kf5 1-0

[Event "Münsterland Open"]
[Site "Senden"]
[Date "2007.10.02"]
[Round "5.5"]
[White "Hoffmann, Michael"]
[Black "Nattermüller, Matthias"]
[Result "1-0"]
[WhiteElo "2481"]
[BlackElo "2101"]
[PlyCount "65"]
[EventDate "2007.??.??"]

1. e4 c5 2. Nf3 e6 3. d4 cxd4 4. Nxd4 a6 5. Bd3 Nf6 6. O-O Qc7 7. Qe2 d6 8. c4
g6 9. Nc3 Bg7 10. Rd1 O-O 11. Nf3 Nbd7 12. h3 Re8 13. Be3 b6 14. Rac1 Bb7 15.
Bb1 Rac8 16. b3 Bc6 17. Nb5 axb5 18. cxb5 Qb7 19. bxc6 Rxc6 20. Rxc6 Qxc6 21.
Nd4 Qb7 22. Nb5 Ra8 23. Nxd6 Qb8 24. Qb5 Bf8 25. Nc4 Nc5 26. Nxb6 Ncxe4 27.
Bxe4 Nxe4 28. Qc6 Nxf2 29. Bxf2 Rxa2 30. Qf3 Qe5 31. Nd7 Qb5 32. Nxf8 Kxf8 33.
Qf6 1-0

[Event "Münsterland Open"]
[Site "Senden"]
[Date "2007.10.02"]
[Round "5.6"]
[White "Kümpers, Ulrich"]
[Black "Felczer, Kevin"]
[Result "0-1"]
[WhiteElo "2105"]
[BlackElo "2242"]
[PlyCount "70"]
[EventDate "2007.??.??"]

1. d4 Nf6 2. c4 e6 3. Nf3 b6 4. g3 Bb7 5. Bg2 Be7 6. Nc3 Ne4 7. Bd2 O-O 8. O-O
f5 9. Rc1 Bf6 10. e3 d6 11. Ne1 Nxc3 12. Bxc3 Bxg2 13. Nxg2 Qe7 14. Qf3 c6 15.
d5 Bxc3 16. Rxc3 cxd5 17. cxd5 e5 18. Rfc1 Na6 19. a3 Qb7 20. Rc6 Rad8 21. b4
Rd7 22. Qe2 Nb8 23. Qc4 b5 24. Qb3 Kh8 25. R1c2 h6 26. Nh4 Kh7 27. Qd3 g6 28.
g4 e4 29. Qd4 fxg4 30. Qxe4 Rf6 31. Qe8 Re7 32. Qd8 Nxc6 33. Rxc6 Qd7 34. Qb8
g5 35. Ng2 Qf5 0-1

[Event "Münsterland Open"]
[Site "Senden"]
[Date "2007.10.02"]
[Round "5.7"]
[White "Rüberg, Jobst"]
[Black "Starp, Klaus"]
[Result "1-0"]
[WhiteElo "2218"]
[BlackElo "2017"]
[PlyCount "41"]
[EventDate "2007.??.??"]

1. e4 c5 2. Nf3 d6 3. Bb5+ Nd7 4. O-O Ngf6 5. Re1 a6 6. Bf1 e6 7. c3 Be7 8. d4
cxd4 9. cxd4 d5 10. e5 Ne4 11. Bd3 f5 12. exf6 Ndxf6 13. Nbd2 Nxd2 14. Bxd2 Qb6
15. Bc3 Bd7 16. Qe2 O-O-O 17. Qd2 Qd6 18. Ne5 Ne4 19. Qc2 Kb8 20. Bxe4 dxe4 21.
Qxe4 1-0

[Event "Münsterland Open"]
[Site "Senden"]
[Date "2007.10.02"]
[Round "5.8"]
[White "Noack, Reiner"]
[Black "Zelbel, Patrick"]
[Result "1/2-1/2"]
[WhiteElo "2107"]
[BlackElo "2193"]
[PlyCount "103"]
[EventDate "2007.??.??"]

1. d4 Nf6 2. c4 g6 3. Nc3 Bg7 4. e4 d6 5. Nge2 O-O 6. Ng3 e5 7. d5 a5 8. Be2
Na6 9. h4 c6 10. h5 cxd5 11. cxd5 Bd7 12. Be3 Rc8 13. f3 Nc5 14. h6 Bh8 15. Qd2
Ne8 16. Rc1 Bf6 17. Nf1 Nc7 18. g4 N7a6 19. Kf2 Qe8 20. Ng3 b5 21. Rcg1 b4 22.
Nd1 Rc7 23. Kg2 Qc8 24. Nf2 Qb8 25. Rc1 Bb5 26. Bxb5 Qxb5 27. Nh5 gxh5 28. Bg5
Bh8 29. Bd8 f6 30. Bxc7 Nxc7 31. gxh5 Kf7 32. Kh2 Qe8 33. Rcg1 Ke7 34. Rg3
Qxh5+ 35. Kg2 Qf7 36. Rc1 Rg8 37. Rxc5 Rxg3+ 38. Kxg3 dxc5 39. d6+ Kd7 40.
dxc7+ Kxc7 41. b3 f5 42. exf5 Qxf5 43. Qd5 Qf4+ 44. Kg2 Qxh6 45. Qxc5+ Kb7 46.
Ne4 Qg6+ 47. Kf1 Qa6+ 48. Ke1 Bf6 49. Qd5+ Kc8 50. Nd6+ Kd7 51. Nf5+ Kc8 52.
Nd6+ 1/2-1/2

[Event "Münsterland Open"]
[Site "Senden"]
[Date "2007.10.02"]
[Round "5.9"]
[White "Freitag, Julia"]
[Black "Simons, Dirk"]
[Result "1-0"]
[WhiteElo "2191"]
[BlackElo "1868"]
[PlyCount "55"]
[EventDate "2007.??.??"]

1. d4 Nf6 2. e3 e6 3. f4 b6 4. Nf3 Bb7 5. c3 c5 6. Bd3 Ne4 7. Nbd2 f5 8. Bxe4
fxe4 9. Ng5 cxd4 10. exd4 Be7 11. Ndxe4 Bxg5 12. Nd6+ Ke7 13. Nxb7 Bh4+ 14. g3
Qc7 15. Na5 Bxg3+ 16. hxg3 bxa5 17. Qd3 g6 18. Be3 d5 19. O-O-O Nd7 20. g4 Nf6
21. f5 Ne4 22. fxe6 Kxe6 23. Rde1 Raf8 24. Bh6 Rf7 25. Rxe4+ dxe4 26. d5+ Kd7
27. Qxe4 Re8 28. Qa4+ 1-0

[Event "Münsterland Open"]
[Site "Senden"]
[Date "2007.10.02"]
[Round "5.10"]
[White "Langers, Alexander"]
[Black "Rehfeldt, Frank"]
[Result "1/2-1/2"]
[WhiteElo "2160"]
[BlackElo "2054"]
[PlyCount "75"]
[EventDate "2007.??.??"]

1. e4 c6 2. d4 d5 3. exd5 cxd5 4. c4 Nf6 5. Nc3 Nc6 6. Nf3 Bg4 7. cxd5 Nxd5 8.
Qb3 Bxf3 9. gxf3 Nb6 10. Be3 e6 11. O-O-O Be7 12. d5 exd5 13. Nxd5 Nxd5 14.
Rxd5 Qc7 15. Kb1 O-O 16. Bd3 Nb4 17. Rh5 Nxd3 18. Qxd3 g6 19. Rb5 b6 20. h4
Rac8 21. h5 Rfd8 22. Qe4 Qd7 23. a4 Qd3+ 24. Qxd3 Rxd3 25. f4 Bf6 26. f5 Rcd8
27. fxg6 fxg6 28. hxg6 hxg6 29. Rc1 Bd4 30. Bxd4 R3xd4 31. a5 bxa5 32. Rxa5
R8d7 33. Rc8+ Kf7 34. Ra8 Rf4 35. R8xa7 Rxa7 36. Rxa7+ Kf6 37. b4 Rxb4+ 38. Kc1
1/2-1/2

[Event "Münsterland Open"]
[Site "Senden"]
[Date "2007.10.03"]
[Round "6.2"]
[White "van der Weide, Karel"]
[Black "Thesing, Matthias"]
[Result "1/2-1/2"]
[WhiteElo "2512"]
[BlackElo "2393"]
[PlyCount "35"]
[EventDate "2007.??.??"]

1. e4 c5 2. Nf3 e6 3. d4 cxd4 4. Nxd4 a6 5. Nc3 Qc7 6. Bd3 Nf6 7. Qe2 Bd6 8.
Ndb5 axb5 9. Nxb5 Qa5+ 10. Bd2 Bb4 11. Bxb4 Qxb4+ 12. c3 Qc5 13. e5 Ng8 14. b4
Qb6 15. a4 d5 16. exd6 Na6 17. a5 Qd8 18. d7+ 1/2-1/2

[Event "Münsterland Open"]
[Site "Senden"]
[Date "2007.10.03"]
[Round "6.3"]
[White "Klein, Björn"]
[Black "Hoffmann, Michael"]
[Result "1/2-1/2"]
[WhiteElo "2116"]
[BlackElo "2481"]
[PlyCount "44"]
[EventDate "2007.??.??"]

1. d4 Nf6 2. Nf3 e6 3. c4 d5 4. cxd5 exd5 5. Nc3 c6 6. Bg5 Be7 7. e3 Bf5 8. Bd3
Bxd3 9. Qxd3 Nbd7 10. O-O O-O 11. Rab1 a5 12. a3 Ne4 13. Bxe7 Qxe7 14. Ne2 Nb6
15. Nd2 f5 16. Rfe1 Rf6 17. Ng3 Raf8 18. Ngf1 Re6 19. b4 axb4 20. axb4 Nd6 21.
f4 Nbc4 22. Nf3 Nb5 1/2-1/2

[Event "Münsterland Open"]
[Site "Senden"]
[Date "2007.10.03"]
[Round "6.4"]
[White "Felczer, Kevin"]
[Black "Freitag, Julia"]
[Result "1-0"]
[WhiteElo "2242"]
[BlackElo "2191"]
[PlyCount "121"]
[EventDate "2007.??.??"]

1. e4 e6 2. Nf3 d5 3. Nc3 dxe4 4. Nxe4 b6 5. d4 Bb7 6. Bb5+ c6 7. Bd3 Be7 8.
Bf4 Nf6 9. Nxf6+ Bxf6 10. c3 Nd7 11. Qe2 Qe7 12. O-O-O O-O-O 13. Be4 g5 14. Bg3
g4 15. Nd2 Bg5 16. f4 Bh6 17. Qxg4 f5 18. Qh5 Bg7 19. Bc2 c5 20. dxc5 Qxc5 21.
Qe2 Kb8 22. Rhe1 Rhe8 23. Bh4 Rc8 24. Bf2 Qc7 25. g3 Nc5 26. Nb3 Nxb3+ 27. axb3
Ka8 28. Bd4 Bf8 29. Bxf5 exf5 30. Qxe8 Rxe8 31. Rxe8+ Bc8 32. Be5 Qc5 33. Bd4
Qc6 34. Rxf8 Kb7 35. Re1 Ka6 36. Rf7 Bb7 37. Rfe7 Qb5 38. Kc2 Be4+ 39. R7xe4
fxe4 40. Rxe4 Qf5 41. Kd3 Qb5+ 42. Kd2 Qxb3 43. Kc1 Qd5 44. Re2 Qf3 45. Kd2 Kb5
46. f5 Kc4 47. f6 Qd3+ 48. Ke1 Qb1+ 49. Kf2 Qh1 50. f7 Qxh2+ 51. Kf1 Qh1+ 52.
Bg1 Qh3+ 53. Rg2 Qf5+ 54. Rf2 Qh3+ 55. Ke1 Qe6+ 56. Kd2 Qd6+ 57. Kc1 Qf8 58.
Rf4+ Kb3 59. Rb4+ Ka2 60. Kc2 b5 61. Rb3 1-0

[Event "Münsterland Open"]
[Site "Senden"]
[Date "2007.10.03"]
[Round "6.5"]
[White "Hankel, Dennis"]
[Black "Rüberg, Jobst"]
[Result "1/2-1/2"]
[WhiteElo "2157"]
[BlackElo "2218"]
[PlyCount "80"]
[EventDate "2007.??.??"]

1. d4 Nf6 2. c4 e6 3. Nc3 Bb4 4. a3 Bxc3+ 5. bxc3 b6 6. Bg5 Bb7 7. f3 h6 8. Bh4
d6 9. e4 Nbd7 10. Bd3 g5 11. Bf2 Qe7 12. Qa4 c5 13. Ne2 Kd8 14. Qb3 Kc7 15. a4
a5 16. Rb1 Rab8 17. e5 Nh5 18. O-O Bc6 19. Rfd1 Nf4 20. exd6+ Qxd6 21. Nxf4
gxf4 22. Be4 Bxe4 23. fxe4 Qc6 24. d5 Qd6 25. Bh4 Rhe8 26. dxe6 Qxe6 27. Rd5
Ne5 28. Qb5 Rg8 29. Rbd1 f6 30. Bxf6 Rxg2+ 31. Kh1 Rxh2+ 32. Kxh2 Ng4+ 33. Kg1
Nxf6 34. Rd6 Qg4+ 35. Kf1 Qf3+ 36. Ke1 Qe3+ 37. Kf1 Qf3+ 38. Ke1 Qe3+ 39. Kf1
Qh3+ 40. Ke1 Qe3+ 1/2-1/2

[Event "Münsterland Open"]
[Site "Senden"]
[Date "2007.10.03"]
[Round "6.6"]
[White "Davenport, Darcy"]
[Black "Schulze, Ulrich"]
[Result "1/2-1/2"]
[WhiteElo "2122"]
[BlackElo "2309"]
[PlyCount "30"]
[EventDate "2007.??.??"]

1. Nf3 c5 2. c4 Nc6 3. d4 cxd4 4. Nxd4 g6 5. e4 Nf6 6. Nc3 d6 7. Be2 Nxd4 8.
Qxd4 Bg7 9. Bg5 Qa5 10. Qd2 Be6 11. Rc1 O-O 12. O-O Rfc8 13. b3 a6 14. Nd5 Qxd2
15. Bxd2 Bxd5 1/2-1/2

[Event "Münsterland Open"]
[Site "Senden"]
[Date "2007.10.03"]
[Round "6.7"]
[White "Wewers, Reinhard"]
[Black "Litwak, Aleksej"]
[Result "1-0"]
[WhiteElo "2095"]
[BlackElo "2301"]
[PlyCount "91"]
[EventDate "2007.??.??"]

1. Nf3 Nf6 2. c4 e6 3. g3 d5 4. Bg2 Be7 5. O-O O-O 6. b3 c5 7. Bb2 b6 8. cxd5
exd5 9. d4 Bb7 10. Na3 Nc6 11. Nc2 Ne4 12. dxc5 bxc5 13. Ne3 d4 14. Nc4 Nd6 15.
Nxd6 Qxd6 16. Nd2 Rac8 17. Rc1 Ba6 18. Nc4 Qe6 19. Re1 Rfd8 20. h4 Nb4 21. a3
Nd5 22. Qc2 Nb6 23. Be4 g6 24. e3 Nxc4 25. bxc4 Qd7 26. Bd5 Bb7 27. Bxb7 Qxb7
28. exd4 cxd4 29. Qe4 Qxb2 30. Qxe7 d3 31. Red1 d2 32. Rb1 Qc2 33. h5 Qxc4 34.
h6 Qe6 35. Qxa7 g5 36. Qa5 Rd5 37. Qb4 Qd7 38. Qb2 Kf8 39. Qg7+ Ke7 40. Qxh7
Rdc5 41. Qe4+ Kf6 42. Rb6+ R8c6 43. Rxd2 Rc1+ 44. Kg2 Qxd2 45. Rxc6+ Rxc6 46.
Qxc6+ 1-0

[Event "Münsterland Open"]
[Site "Senden"]
[Date "2007.10.03"]
[Round "6.8"]
[White "Böhle, Lars"]
[Black "Langers, Alexander"]
[Result "0-1"]
[WhiteElo "2266"]
[BlackElo "2160"]
[PlyCount "70"]
[EventDate "2007.??.??"]

1. d4 Nf6 2. Nf3 g6 3. Bf4 Bg7 4. e3 O-O 5. Be2 d6 6. h3 Nbd7 7. O-O Re8 8. c4
b6 9. Nc3 Bb7 10. Bh2 Ne4 11. Nxe4 Bxe4 12. Nd2 Bb7 13. Bf3 Bxf3 14. Nxf3 e5
15. Qc2 e4 16. Nd2 f5 17. b4 c5 18. Nb3 Qe7 19. bxc5 dxc5 20. Rad1 cxd4 21.
exd4 Rac8 22. Qe2 Qf7 23. Rc1 f4 24. c5 g5 25. Qa6 bxc5 26. dxc5 Ne5 27. Rc2
Nd3 28. Qa4 Qe6 29. Qxa7 f3 30. g4 e3 31. fxe3 Qxe3+ 32. Kh1 f2 33. Qb7 Qxh3
34. Qg2 Qxg2+ 35. Kxg2 Ne1+ 0-1

[Event "Münsterland Open"]
[Site "Senden"]
[Date "2007.10.03"]
[Round "6.9"]
[White "Rehfeldt, Frank"]
[Black "Torres-Kuckel, Rafael"]
[Result "1/2-1/2"]
[WhiteElo "2054"]
[BlackElo "2250"]
[PlyCount "36"]
[EventDate "2007.??.??"]

1. e4 c5 2. Nf3 e6 3. d4 cxd4 4. Nxd4 Qb6 5. Nc3 Bc5 6. Na4 Qa5+ 7. c3 Bxd4 8.
Qxd4 Nf6 9. Nc5 Nc6 10. Qe3 Qb6 11. f3 d5 12. exd5 Nxd5 13. Qf2 O-O 14. Bd3 e5
15. Ne4 Qxf2+ 16. Kxf2 Bf5 17. Nf6+ Nxf6 18. Bxf5 Ne7 1/2-1/2

[Event "Münsterland Open"]
[Site "Senden"]
[Date "2007.10.03"]
[Round "6.10"]
[White "Smolka, Alexander"]
[Black "Korth, Daniel"]
[Result "1/2-1/2"]
[WhiteElo "2025"]
[BlackElo "2203"]
[PlyCount "82"]
[EventDate "2007.??.??"]

1. e4 e5 2. Nf3 Nc6 3. Nc3 Nf6 4. d4 exd4 5. Nxd4 Bb4 6. Nxc6 bxc6 7. Bd3 d5 8.
exd5 cxd5 9. O-O O-O 10. Bg5 c6 11. Qf3 h6 12. Bxf6 Qxf6 13. Qxf6 gxf6 14. Ne2
Re8 15. Ng3 Re5 16. c3 Bf8 17. Rfe1 Rb8 18. b3 Bd7 19. f4 Re6 20. Bf5 Rd6 21.
Bxd7 Rxd7 22. Nf5 a5 23. Kf1 c5 24. Rad1 Rbd8 25. Rd3 Kh7 26. g4 Bd6 27. Nxd6
Rxd6 28. Re7 R6d7 29. Rxd7 Rxd7 30. Kf2 Kg7 31. Kf3 f5 32. h3 Kf6 33. Rd1 Rd6
34. Rd2 Kg6 35. Rd1 fxg4+ 36. hxg4 f5 37. a3 fxg4+ 38. Kxg4 h5+ 39. Kf3 Kf5 40.
b4 cxb4 41. cxb4 axb4 1/2-1/2

[Event "Münsterland Open"]
[Site "Senden"]
[Date "2007.10.04"]
[Round "7.1"]
[White "Korneev, Oleg"]
[Black "van der Weide, Karel"]
[Result "1/2-1/2"]
[WhiteElo "2565"]
[BlackElo "2512"]
[PlyCount "49"]
[EventDate "2007.??.??"]

1. e4 c5 2. Nf3 d6 3. d4 cxd4 4. Nxd4 Nf6 5. Nc3 Nc6 6. Bg5 e6 7. Qd2 Be7 8.
O-O-O O-O 9. Nb3 a6 10. Bxf6 gxf6 11. h4 Kh8 12. g4 Rg8 13. g5 b5 14. f4 Bf8
15. Kb1 b4 16. Ne2 e5 17. f5 a5 18. Ng3 a4 19. Nc1 b3 20. cxb3 axb3 21. Nxb3
Qb6 22. Bc4 Nb4 23. a3 d5 24. exd5 Ba6 25. Qe2 1/2-1/2

[Event "Münsterland Open"]
[Site "Senden"]
[Date "2007.10.04"]
[Round "7.3"]
[White "Hoffmann, Michael"]
[Black "Felczer, Kevin"]
[Result "1/2-1/2"]
[WhiteElo "2481"]
[BlackElo "2242"]
[PlyCount "112"]
[EventDate "2007.??.??"]

1. e4 e6 2. d4 d5 3. Nc3 dxe4 4. Nxe4 Bd7 5. Nf3 Bc6 6. Bd3 Nd7 7. O-O Ngf6 8.
Ng3 Be7 9. Qe2 Bxf3 10. Qxf3 c6 11. b3 Qa5 12. a3 Qd5 13. Qf4 Qd6 14. Qh4 c5
15. dxc5 Nxc5 16. Bb5+ Nfd7 17. Qg4 Bf6 18. Bf4 Qb6 19. Bxd7+ Nxd7 20. Rad1 Ne5
21. Qe2 Nc6 22. Ne4 Be7 23. Qg4 g6 24. Nd6+ Bxd6 25. Rxd6 O-O 26. Rd7 Qb5 27.
a4 Qb4 28. Qf3 Rad8 29. Bd2 Qc5 30. Be3 Qxc2 31. Rxb7 Nd4 32. Bxd4 Rxd4 33.
Rxa7 Rd3 34. Qe4 Qxb3 35. g3 Rd2 36. a5 Ra2 37. Qf4 h5 38. Rc1 Qd5 39. h4 Kg7
40. Re1 Rxa5 41. Rxa5 Qxa5 42. Qe5+ Qxe5 43. Rxe5 Ra8 44. Kg2 Ra6 45. Rb5 Kf6
46. Rb7 e5 47. Rc7 Ke6 48. Rb7 Ra2 49. Kf3 Ra3+ 50. Ke2 f6 51. Rg7 Kf5 52. Rg8
Rb3 53. Rg7 g5 54. hxg5 fxg5 55. Rh7 Kg4 56. Re7 Kf5 1/2-1/2

[Event "Münsterland Open"]
[Site "Senden"]
[Date "2007.10.04"]
[Round "7.4"]
[White "Rüberg, Jobst"]
[Black "Klein, Björn"]
[Result "1/2-1/2"]
[WhiteElo "2218"]
[BlackElo "2116"]
[PlyCount "64"]
[EventDate "2007.??.??"]

1. e4 c6 2. c4 d5 3. exd5 cxd5 4. cxd5 Nf6 5. Nc3 Nxd5 6. Nf3 Nc6 7. d4 Bg4 8.
Qb3 Bxf3 9. gxf3 e6 10. Qxb7 Nxd4 11. Bb5+ Nxb5 12. Qxb5+ Qd7 13. Qxd7+ Kxd7
14. Nxd5 exd5 15. Be3 Bb4+ 16. Ke2 Rhc8 17. Rac1 Ba5 18. Kd3 Bb6 19. Rhg1 g6
20. b3 Ke6 21. Rge1 Kd6 22. f4 Rxc1 23. Rxc1 Re8 24. Re1 Re4 25. f3 Re7 26. Re2
Bxe3 27. Rxe3 Rb7 28. Re8 f5 29. Rh8 Kc5 30. Rc8+ Kd6 31. Rd8+ Kc5 32. Rc8+ Kd6
1/2-1/2

[Event "Münsterland Open"]
[Site "Senden"]
[Date "2007.10.04"]
[Round "7.5"]
[White "Langers, Alexander"]
[Black "Wewers, Reinhard"]
[Result "1-0"]
[WhiteElo "2160"]
[BlackElo "2095"]
[PlyCount "71"]
[EventDate "2007.??.??"]

1. e4 c5 2. Nf3 e6 3. d4 cxd4 4. Nxd4 a6 5. Nc3 b5 6. Bd3 Qb6 7. Nb3 d6 8. Be3
Qc7 9. a4 b4 10. Ne2 Nf6 11. a5 Nbd7 12. O-O Be7 13. c3 d5 14. exd5 Nxd5 15.
Bd4 bxc3 16. Nxc3 Nxc3 17. Bxc3 Bb7 18. Rc1 Qf4 19. Qe2 Bd6 20. g3 Qa4 21. Nd4
Nc5 22. Nb5 Bb8 23. Ra1 Qxa1 24. Rxa1 O-O 25. Nd4 Ba7 26. Bc2 Rad8 27. Rd1 Rd5
28. b4 Nd7 29. Nf3 Rc8 30. Rxd5 Bxd5 31. Be4 Bc4 32. Qd2 Bb5 33. Bd3 Bc6 34.
Bxa6 Re8 35. Ne5 Nf6 36. Nxc6 1-0

[Event "Münsterland Open"]
[Site "Senden"]
[Date "2007.10.04"]
[Round "7.6"]
[White "Kuhn, Ulf"]
[Black "Hankel, Dennis"]
[Result "1-0"]
[WhiteElo "2130"]
[BlackElo "2157"]
[PlyCount "119"]
[EventDate "2007.??.??"]

1. c4 e6 2. Nf3 b6 3. g3 Bb7 4. Bg2 c5 5. O-O Nf6 6. Nc3 Be7 7. b3 O-O 8. Bb2
d6 9. a3 Nbd7 10. d3 a6 11. e3 Qc7 12. Qe2 Ne5 13. Ne1 Bxg2 14. Nxg2 Qb7 15. f4
Nc6 16. g4 b5 17. g5 Nd7 18. Ne4 d5 19. cxd5 exd5 20. Ng3 Rfe8 21. Nf5 Bf8 22.
Qh5 d4 23. Rf3 g6 24. Nh6+ Bxh6 25. Qxh6 Ne7 26. e4 f5 27. gxf6 Nxf6 28. f5
Nxf5 29. Qg5 Nxe4 30. dxe4 Qxe4 31. Raf1 Re5 32. Rf4 Qd5 33. Qg4 Rae8 34. Qf3
c4 35. bxc4 bxc4 36. Bxd4 Qxf3 37. R1xf3 Nxd4 38. Rxd4 Rb8 39. Rxc4 Re2 40. h3
Rb1+ 41. Kh2 Rbb2 42. Rg3 Kf7 43. Rc7+ Re7 44. Rf3+ Ke8 45. Rc6 Ra7 46. Kg3 g5
47. Re6+ Re7 48. Rxa6 Ree2 49. Re3+ Rxe3+ 50. Nxe3 h5 51. Ra5 Rb3 52. Kf2 Rb2+
53. Kf3 Rb3 54. Rxg5 Rxa3 55. Rxh5 Kf7 56. Rh6 Rb3 57. Ra6 Kg7 58. Kf4 Rb4+ 59.
Kg5 Rb5+ 60. Nf5+ 1-0

[Event "Münsterland Open"]
[Site "Senden"]
[Date "2007.10.04"]
[Round "7.7"]
[White "Schulze, Ulrich"]
[Black "Topp, Michael"]
[Result "1-0"]
[WhiteElo "2309"]
[BlackElo "2105"]
[PlyCount "61"]
[EventDate "2007.??.??"]

1. d4 Nf6 2. Nf3 e6 3. c4 b6 4. g3 Ba6 5. b3 b5 6. cxb5 Bxb5 7. Bg2 Bb4+ 8. Bd2
a5 9. Nc3 Bc6 10. a3 Bxc3 11. Bxc3 O-O 12. O-O Qc8 13. Qc2 Be4 14. Qb2 Nd5 15.
Nd2 Bxg2 16. Kxg2 Qb7 17. e4 Nxc3 18. Qxc3 Rc8 19. Rfc1 Nc6 20. Rc2 Ra6 21.
Rac1 Rb6 22. Kg1 Rb5 23. Qd3 Qb6 24. Rc4 Qb8 25. Kg2 e5 26. d5 Nd4 27. R1c3 c5
28. a4 Rb4 29. Rxc5 Rxc5 30. Rxc5 Nxb3 31. Nxb3 1-0

[Event "Münsterland Open"]
[Site "Senden"]
[Date "2007.10.04"]
[Round "7.8"]
[White "Torres-Kuckel, Rafael"]
[Black "Nattermüller, Matthias"]
[Result "1-0"]
[WhiteElo "2250"]
[BlackElo "2101"]
[PlyCount "123"]
[EventDate "2007.??.??"]

1. e4 c5 2. Nf3 e6 3. d4 cxd4 4. Nxd4 Nf6 5. Nc3 d6 6. g3 Be7 7. Bg2 O-O 8. O-O
Re8 9. f4 Nc6 10. Nb3 Bd7 11. Qe2 e5 12. f5 Nd4 13. Qd3 Nc6 14. h3 Nb4 15. Qe2
d5 16. Nxd5 Nfxd5 17. exd5 e4 18. c4 a5 19. Kh2 e3 20. a3 Ba4 21. Nd4 Na6 22.
b3 Bf6 23. Bb2 Qb6 24. Rad1 Bxb3 25. Nxb3 Bxb2 26. Rb1 Bxa3 27. Na1 Qc7 28. Nc2
Bc5 29. f6 Nb4 30. Na3 Qe5 31. Nb5 Ra6 32. fxg7 Rg6 33. Rf4 Qxg7 34. Rf3 a4 35.
Rbf1 f6 36. g4 Kh8 37. Kh1 Na6 38. Rf5 Qe7 39. d6 Qg7 40. Nc7 Nxc7 41. Rxc5 Na6
42. Rb5 Qd7 43. c5 Nxc5 44. Rxc5 Qxd6 45. Rb5 b6 46. Rd1 Qc7 47. Rdb1 f5 48.
Rxf5 Rd6 49. Bd5 Qe7 50. Rbf1 Rxd5 51. Rxd5 Qe4+ 52. Qg2 e2 53. Re1 Qe3 54. Rf5
Qd2 55. Qf2 Kg8 56. Rb5 a3 57. Rxb6 Qd3 58. Rb4 Qxh3+ 59. Kg1 a2 60. Ra4 Qb3
61. Ra5 Qc4 62. Rg5+ 1-0

[Event "Münsterland Open"]
[Site "Senden"]
[Date "2007.10.04"]
[Round "7.9"]
[White "Korth, Daniel"]
[Black "Wallhof, Dieter"]
[Result "1-0"]
[WhiteElo "2203"]
[BlackElo "2064"]
[PlyCount "61"]
[EventDate "2007.??.??"]

1. d4 e6 2. c4 f5 3. Nf3 Nf6 4. g3 Bb4+ 5. Bd2 Bxd2+ 6. Nbxd2 O-O 7. Bg2 d6 8.
O-O Qe8 9. Re1 Nh5 10. e4 fxe4 11. Nxe4 Qg6 12. Qd2 h6 13. c5 Rd8 14. cxd6 cxd6
15. Rac1 Nc6 16. b4 Ne7 17. Nc3 Qf7 18. Qe2 g6 19. Nh4 Rb8 20. f4 Ng7 21. d5
Nxd5 22. Nxd5 exd5 23. Qd2 d4 24. Qxd4 Kh7 25. Qxa7 Be6 26. a3 Bc4 27. Be4 Nf5
28. Nxf5 gxf5 29. Bxf5+ Qxf5 30. Rxc4 Qb5 31. Rc7+ 1-0